| 000 | 00645nam a2200229 4500 | ||
|---|---|---|---|
| 001 | 29094 | ||
| 003 | BD-RjUL | ||
| 005 | 20211209051354.0 | ||
| 008 | 1 s1955 ii c 000 0 eng d | ||
| 035 | _a(BD-RjUL)29179 | ||
| 040 |
_aDLC _cCarP _dBD-RjUL _beng |
||
| 041 | _aeng | ||
| 082 |
_a891.441 _bTAS 1955 |
||
| 100 | 1 |
_aTagore, Rabindranath, _d1861-1941. _988923 |
|
| 245 | 1 | 0 |
_aSyamali. _c Rabindranath Tagore |
| 260 |
_aCalcutta : _bVisva-Bharati, _c1955. |
||
| 300 |
_a81 p. _bport.; _c24 cm. |
||
| 700 | 1 |
_aChatterjee, Sheila, [from old catalog] _etr. _988924 |
|
| 942 |
_2ddc _cBK |
||
| 999 |
_c29094 _d29094 |
||